000 00492nam a2200157 4500
999 _c5338
_d5338
008 161020b xxu||||| |||| 00| 0 eng d
022 _a9770118389007
082 _aDPer 641.05 F73 Mar-Nov 2012
100 _916539
_aOzaeta, Anne Marie
245 _aVilla café'sall day Kapampangan breakfast/
_cAnne Marie Ozaeta.
260 _aQuezon City:
_bABS CBN Publishing, Inc.,
_c©2012.
300 _apage 29;
_c30 cm.
500 _aFood.
650 0 _916540
_aBreakfasts
942 _2ddc
_cPER